Дело о впуске в ложу министра только членов его семьи и лиц, имеющих на то разрешение

Доступно только в Электронных читальных залах Найти на картеНа карте
RUSMARC
00004106nmc2a22000003x 450
00128f2fc79-ade5-4e22-8b30-2bf963b63ee8
00520181221183315.0
100##$a20170622l18441844k l0rusy0189 ca
1010#$arus
102##$aRU
2001#$aДело о впуске в ложу министра только членов его семьи и лиц, имеющих на то разрешение
$j4 октября 1844 г.
251##$cДело
300##$aПо Санкт-Петербургской дирекции
300##$aОриг. заголовок дела: Дело о впуске в ложу его светлости господина министра только членов его семейства и тех, которые будут иметь на то надлежащие билеты. 4 октября 1844 г
801#0$aRU
$bРГИА
$c20170622
$gRCR
801#1$aRU
$bГлавНИВЦ
$c20170622
$2rusmarc
801#2$aRU
$bПБ им. Б.Н. Ельцина
$c20181221
$gRCR
$2rusmarc
850##$aРГИА
852##$aРГИА
$eФедеральное казенное учреждение "Российский государственный исторический архив" (РГИА)
$j10023
937##$hРГИА
$d12242440
$aASBIBLIO_SCAN
462#0$1001dd3991dc-24e1-42ec-8838-ca4255420416
$12001
$a1746-1850 гг.
$1251
$cОпись
$1852
$j1
461#0$10019264ebf8-de62-4f1a-9eb4-9f22098dbbd5
$12001
$aДирекция императорских театров МИДв
$1251
$cФонд
$1852
$j497
215##$a5 л.
$d36,5х26 см
371##$aДокумент не является опубликованным и широко распространяемым
105##$ay###
1220#$ad
5171#$aДело о впуске в ложу его светлости господина министра только членов его семейства и тех, которые будут иметь на то надлежащие билеты. 4 октября 1844 г
035##$a28f2fc79-ade5-4e22-8b30-2bf963b63ee8
856##$uhttp://readingroom.main.prlib.ru/item.aspx?id_node=n122177426&mode=full
Формат отображения